| 000 | 00579nam a2200169 4500 | ||
|---|---|---|---|
| 005 | 20260430084808.0 | ||
| 008 | 260430b |||||||| |||| 00| 0 eng d | ||
| 020 |
_a9780406850317 _qhbk |
||
| 041 | _aeng | ||
| 082 | _a348.42 ALL.2 | ||
| 245 |
_aThe All England Law Reports _bAnnotated of Cases decided in the House of Lords The PRivy Cou7ncil All Divisions of the Supreme Court and Courts of Special Jurisdiction _nVol. 2 |
||
| 260 |
_aLondon _bThe Law Journal _c1945 |
||
| 300 |
_a724p. : _c25cm |
||
| 504 | _aindex | ||
| 650 | _aLaws, regulations & cases | ||
| 942 | _cENGLISH | ||
| 999 |
_c621631 _d621631 |
||